Eating out : (Record no. 6907)
[ view plain ]
| 000 -LEADER | |
|---|---|
| fixed length control field | 01188nac a22002891u 4500 |
| 010 ## - LIBRARY OF CONGRESS CONTROL NUMBER | |
| LC control number | 99036184 |
| 020 ## - INTERNATIONAL STANDARD BOOK NUMBER | |
| International Standard Book Number | 0521590442 (hb) |
| 020 ## - INTERNATIONAL STANDARD BOOK NUMBER | |
| International Standard Book Number | 0521599695 (pb) |
| 082 00 - DEWEY DECIMAL CLASSIFICATION NUMBER | |
| Classification number | 394.120941 |
| Item number | WAR |
| 090 ## - LOCALLY ASSIGNED LC-TYPE CALL NUMBER (OCLC); LOCAL CALL NUMBER (OCLC) | |
| -- | 6907 |
| -- | 6907 |
| 100 ## - MAIN ENTRY--PERSONAL NAME | |
| Personal name | Warde, Alan. |
| 245 10 - TITLE STATEMENT | |
| Title | Eating out : |
| Remainder of title | social differentiation, consumption, and pleasure / |
| Statement of responsibility, etc | Alan Warde and Lydia Martens. |
| 260 ## - PUBLICATION, DISTRIBUTION, ETC. (IMPRINT) | |
| Place of publication, distribution, etc | Cambridge [England] |
| -- | New York : |
| Name of publisher, distributor, etc | Cambridge University Press,2000 |
| Date of publication, distribution, etc | 2000. |
| 300 ## - PHYSICAL DESCRIPTION | |
| Extent | xi, 246 p. ; |
| Dimensions | 23 cm. |
| 500 ## - GENERAL NOTE | |
| General note | distributer: Al-Ahram |
| 504 ## - BIBLIOGRAPHY, ETC. NOTE | |
| Bibliography, etc | Includes bibliographical (p. 234-242) references and index. |
| 511 ## - PARTICIPANT OR PERFORMER NOTE | |
| Participant or performer note | catalogued by: wessam |
| 650 #0 - SUBJECT ADDED ENTRY--TOPICAL TERM | |
| Topical term or geographic name as entry element | Food habits |
| Geographic subdivision | England. |
| 650 #0 - SUBJECT ADDED ENTRY--TOPICAL TERM | |
| Topical term or geographic name as entry element | Restaurants |
| Geographic subdivision | England |
| General subdivision | Social aspects. |
| 650 #0 - SUBJECT ADDED ENTRY--TOPICAL TERM | |
| Topical term or geographic name as entry element | Consumer behavior |
| Geographic subdivision | England. |
| 651 #0 - SUBJECT ADDED ENTRY--GEOGRAPHIC NAME | |
| Geographic name | England |
| General subdivision | Social life and customs. |
| 700 1# - ADDED ENTRY--PERSONAL NAME | |
| Personal name | Martens, Lydia. |
| 856 41 - ELECTRONIC LOCATION AND ACCESS | |
| Materials specified | Sample text |
| Uniform Resource Identifier | <a href="http://www.loc.gov/catdir/samples/cam032/99036184.html">http://www.loc.gov/catdir/samples/cam032/99036184.html</a> |
| 856 41 - ELECTRONIC LOCATION AND ACCESS | |
| Materials specified | Publisher description |
| Uniform Resource Identifier | <a href="http://www.loc.gov/catdir/description/cam0210/99036184.html">http://www.loc.gov/catdir/description/cam0210/99036184.html</a> |
| 856 41 - ELECTRONIC LOCATION AND ACCESS | |
| Materials specified | Table of Contents |
| Uniform Resource Identifier | <a href="http://lcweb.loc.gov/catdir/toc/99036184.html">http://lcweb.loc.gov/catdir/toc/99036184.html</a> |
| 942 ## - ADDED ENTRY ELEMENTS (KOHA) | |
| Item type | Book - Borrowing |
| Call number prefix | 394.120941WAR |
| Withdrawn status | Item status | Damaged status | Not for loan | Home library | Current library | Shelving location | Date acquired | Source of acquisition | Total Checkouts | Full call number | Barcode | Date last seen | Koha item type |
|---|---|---|---|---|---|---|---|---|---|---|---|---|---|
| Central Library | Central Library | First floor | 07/12/2010 | Purchase | 394.120941WAR | 000008221 | 15/07/2025 | Book - Borrowing |